| 000 | 00885cab a2200217 4500 | ||
|---|---|---|---|
| 001 | ABS58641 | ||
| 008 | 090401t1998 xxu||||| |||| 00| 0 eng d | ||
| 035 | _a(Sirsi) u85625 | ||
| 041 | _aeng | ||
| 245 | _aPardoe v Pennington | ||
| 260 | _c1998 | ||
| 350 | _a0 | ||
| 490 |
_aProperty, planning & compensation reports _v(3) 1998 PCR, 264-272(9) |
||
| 520 | _aCA 7 November 1997. Houses owned by plaintiff (P) and second defendant. P placed cess-pit on bridleway in belief or hope that she owned it. Dispute over ownership of bridleway on frontage of properties. Whether presumption "ad medium filum" rebutted. Appeal dismissed. Family agreement did not intend the whole bridleway to belong to estate. | ||
| 650 | _aBRIDLEWAY | ||
| 650 | _aPARDOE V PENNINGTON | ||
| 650 | _aREAL PROPERTY | ||
| 690 | _aPROPERTY LAW AND PRACTICE-CASE LAW | ||
| 942 | _n0 | ||
| 948 | _c16/04/1998 | ||
| 999 |
_c53849 _d53849 |
||